| 000 | 00380nam a22001451a 4500 | ||
|---|---|---|---|
| 082 |
_aM301 _bKUM/R |
||
| 100 | _aKumaran U K | ||
| 245 |
_aRail palathilirinnu oru kudumbam dhyanikkunnu/ _cby Kumaran U K |
||
| 260 |
_aKozhikode: _bKalaveekshanam, _c2000. |
||
| 300 | _a87p. | ||
| 650 | _aStories Malayalam | ||
| 650 | _aLiterature Malayalam | ||
| 650 | _aLiterature | ||
| 942 | _cBK | ||
| 999 |
_c37041 _d37041 |
||